Sports Quiz

Random Sports or Football Quiz

Current Houston Dynamo Players Quiz Stats

Quiz not verified by Sporcle

Challenge
Share
Tweet
Embed
Score 0/23 Timer 05:00
0 Plays Today
# & Position Name % Correct
#25 FBrian Ching
95%
#18 GKPat Onstad
85%
#1 GKTally Hall
70%
#11 MBrad Davis
65%
#26 MCorey Ashe
60%
#20 MGeoff Cameron
60%
#32 DBobby Boswell
55%
# 23 FDominic Oduro
50%
#30 GKTyler Deric
45%
#2 DEddie Robinson
45%
#15 FCameron Weaver
45%
#5 MDanny Cruz
40%
# & Position Name % Correct
#17 MMike Chabala
35%
#9 FBrian Mullan
35%
#51 DAdrian Serioux
30%
#31 FAndrew Hainault
30%
#22 MLovel Palmer
25%
#7 FLuis Angel Landin
25%
#8 MRichard Mulrooney
20%
#4 DRyan Cochrane
15%
#13 MFrancisco Navas Cobo
10%
#16 MCraig Waibel
10%
#27 MSamuel Appiah
5%

You're not logged in!

Compare scores with friends on all Sporcle quizzes.
Join for Free
OR
Log In

You Might Also Like...

Show Comments

Extras

Top Quizzes Today


Score Distribution

Your Account Isn't Verified!

In order to create a playlist on Sporcle, you need to verify the email address you used during registration. Go to your Sporcle Settings to finish the process.

Report this User

Report this user for behavior that violates our Community Guidelines.

Details: